Normal view
MARC view
- Simmel, George,
Entry Nombre Personal
001 - NUMERO DE CONTROL
- campo de control: 42175
003 - IDENTIFICADOR DE NUMERO DE CONTROL
- campo de control: UPN
005 - FECHA Y HORA DE LA ÜLTIMA TRANSACCIÓN
- campo de control: 20210219194616.0
008 - DATOS DE LONGITUD FIJA
- campo de control de longitud fija: nabaccnnaabn|||||||||| b |nc|||||d
035 ## - NUMERO DE CONTROL
- Número de control: UPN11000014282
040 ## - FUENTE DE CATALOGACIÓN
- Lenguaje de catalogación: SPA
- Agencia de transcripción: UPN
100 1# - ENCABEZAMIENTO - NOMBRE PERSONAL
- Nombre personal: Simmel, George,
- Fechas asociadas con el nombre: 1858-1918
670 ## - FUENTE EN LA QUE SE LOCALIZARON DATOS
- Cita de la fuente: T
- Información localizada: Sobre la diferenciación social
680 ## - NOTA PUBLICA DE ACCESO PÚBLICO
- Frase explicativa de la referencia: Considerado uno de los padres de la sociología, estudió historia y filosofía en la Universidad de Berlín
902 ## - CATALOGADOR
- Catalogador: MCM/290118
